000 01643nam a2200409 i 4500
001 197063
003 ES-MaACL
005 20250822063244.0
008 250126s2001 sp | ||| ||spa
016 7 _abimoBNE20020424459
_2SpMaBN
017 _aB 42366-2001
_bOficina Depósito Legal Barcelona
020 _a8481093262 Galaxia Gutenberg
020 _a8422678322 Círculo de Lectores
035 _a(OCoLC)433071310
035 _a(SpMaBN)bimo0001784946
040 _aSpMaBN
_bspa
_cSpMaBN
_erdc
080 _a82-4"19"(082.2)
245 0 0 _aDiccionario de los vientos /
_censayos de Vladimir Baránov ... [et al.] ; traducciones de Manuel Pereira, Marcial Souto y Ricardo San Vicente.
250 _aPrimera edición: 2001
260 _aBarcelona :
_bGalaxia Gutenberg,
_bCírculo de Lectores,
_c2001.
300 _a341 páginas ;
_c21 cm.
336 _2rdacontent
_atexto
337 _2rdamedia
_asin mediación
338 _2rdacarrier
_avolumen
650 0 _aEnsayos-
_yS.XX
_2embne
_9239907
655 0 _9176540
_aAntologías
700 1 _aBaránov, Vladímir,
_d1947-
_9239908
_eaut
700 1 _aPereira, Manuel
_990474
_etrl
700 1 _aSouto, Marcial
_etrl
_9241958
700 1 _aSan Vicente, Ricardo
_9102314
_etrl
852 _aES-MaACL
_cDEPOJ
_jN-10508
_hDonación: José Lázaro García
_xEncuadernación cartoné con sobrecubiertas
_9206631
903 _9234219
_aLázaro García, José
_ednr
942 _cMONOGRAFIA
_n0
999 _c197063
_d197063